[Event "XV Asiad Women's Rapid"]
[Site "Doha QAT"]
[Date "2006.12.03"]
[Round "5"]
[White "Geldyeva,M"]
[Black "Zhao Xue"]
[Result "0-1"]
[WhiteElo "2273"]
[BlackElo "2467"]

1.d4 Nf6 2.c4 e6 3.Nf3 b6 4.g3 Ba6 5.b3 b5 6.Qc2 bxc4 7.bxc4 c5 8.Bg2 Nc6
9.O-O cxd4 10.Rd1 Rc8 11.Nxd4 Nxd4 12.Rxd4 Bc5 13.Rf4 Bd6 14.Rh4 Be5 15.Bb2 Bxb2
16.Qxb2 Rxc4 17.Rxc4 Bxc4 18.Na3 Ba6 19.e4 O-O 20.e5 Nd5 21.Rd1 Qc7 22.Nb5 Bxb5
23.Qxb5 Rb8 24.Qd3 Nb6 25.f4 Rc8 26.Be4 h6 27.Rd2 Qc5+ 28.Kg2 Qb4 29.f5 Rc3
30.Qe2 Qc5 31.f6 Qe3 32.fxg7 Qxe2+ 33.Rxe2 Nc4 34.Kf2 Kxg7 35.Bb7 f6 36.exf6+ Kxf6
37.a4 d5 38.Kg2 Nd6 39.Ba6 e5 40.Rf2+ Ke6 41.Rf8 d4 42.Rh8 Nf7 43.Re8+ Kf6
44.Ra8 Rc7 45.h4 Re7 46.Kf3 e4+ 47.Kf4 e3 48.Be2 Ne5 49.Rf8+ Kg7 50.Rf5 d3
51.Kxe3 dxe2 52.Kxe2 Kg6 53.Rf1 Nc4+ 54.Kd3 Nb2+ 55.Kd4 Nxa4 56.g4 Nb6 57.Rc1 Rf7
58.Ke5 Nd7+ 59.Ke4 Nf6+ 60.Kf3 Rb7 61.Rc6 Rb3+ 62.Kg2 Ra3 63.Rd6 Ra4 64.Kh3 Kg7
65.g5 hxg5 66.hxg5 Ne4 67.Rd5 Kg6  0-1

[Event "UTD GM Invitational"]
[Site "Dallas USA"]
[Date "2006.12.06"]
[Round "2"]
[White "Bradford,J"]
[Black "Boskovic,D"]
[Result "1/2-1/2"]
[WhiteElo "2451"]
[BlackElo "2444"]

1.d4 Nf6 2.c4 e6 3.Nf3 b6 4.g3 Ba6 5.b3 b5 6.cxb5 Bxb5 7.Bg2 Bc6 8.O-O Be7
9.Ba3 O-O 10.Qc1 a5 11.Nc3 Bb4 12.Ne5 Bxg2 13.Kxg2 Qe7 14.Bb2 Qd8 15.Qe3 Qc8
16.Qf3 Qa6 17.Na4 d5 18.Rfc1 Bd6 19.Qd3 Qb7 20.Nc5 Bxc5 21.Rxc5 Nfd7 22.Nxd7 Nxd7
23.Rc2  1/2-1/2

[Event "Steinhart Mem"]
[Site "Herzeliya ISR"]
[Date "2006.12.07"]
[Round "1"]
[White "Bykhovsky,Av"]
[Black "Grinshpun,E"]
[Result "1/2-1/2"]
[WhiteElo "2458"]
[BlackElo "2410"]

1.d4 Nf6 2.c4 e6 3.Nf3 b6 4.g3 Ba6 5.b3 Bb4+ 6.Bd2 Be7 7.Bg2 c6 8.Bc3 d5
9.Ne5 Nfd7 10.Nxd7 Nxd7 11.Nd2 O-O 12.O-O Rc8 13.Re1 f5 14.a4 Nf6 15.e3 Rc7
16.c5 Ne4 17.Nxe4 fxe4 18.f3 exf3 19.Bxf3 Bf6 20.b4 Bc4 21.cxb6 axb6 22.a5  1/2-1/2

[Event "UTD GM Invitational"]
[Site "Dallas USA"]
[Date "2006.12.12"]
[Round "10"]
[White "Zivanic,M"]
[Black "Bradford,J"]
[Result "0-1"]
[WhiteElo "2451"]
[BlackElo "2451"]

1.d4 Nf6 2.c4 e6 3.Nf3 b6 4.g3 Ba6 5.Nbd2 Bb4 6.Qc2 Bb7 7.Bg2 Be4 8.Qb3 Bxd2+
9.Bxd2 d6 10.O-O Nbd7 11.Qe3 O-O 12.Bc3 a5 13.Rfd1 Re8 14.Bh3 c6 15.Ne5 Nb8
16.Ng4 d5 17.Ne5 Nfd7 18.f3 Nxe5 19.dxe5 Bg6 20.cxd5 cxd5 21.Bd4 b5 22.Rac1 Qd7
23.Bc5 Nc6 24.Bd6 Qb7 25.Rc5 Rec8 26.Rdc1 h6 27.Bf1 a4 28.Qf2 b4 29.e3 Na5
30.Rxc8+ Rxc8 31.Rxc8+ Qxc8 32.Bxb4 Nc4 33.Bc3 Qc7 34.e4 Nxe5 35.f4 Ng4 36.Qd4 e5
37.fxe5 Bxe4 38.h3 Nf6 39.Qxa4 Nd7 40.Qd4 f6 41.Be2 fxe5 42.Qb4 Nf6 43.Qa5 Qc8
44.g4 d4 45.Be1 d3 46.Bd1 Kh7 47.Qc3 Qb8 48.Bg3 Qa7+ 49.Kh2 Qe3 50.Qe1 Nd5
51.a4 Qxe1 52.Bxe1 Ne3 53.Bb3 d2 54.Bf2 Bc2  0-1

[Event "V Ilijas Subasic Mem"]
[Site "Zenica BIH"]
[Date "2006.12.15"]
[Round "8"]
[White "Atalik,S"]
[Black "Stojanovic,Da"]
[Result "1/2-1/2"]
[WhiteElo "2583"]
[BlackElo "2469"]

1.d4 Nf6 2.c4 e6 3.Nf3 b6 4.g3 Ba6 5.Qc2 Bb7 6.Bg2 Bb4+ 7.Nc3 Be4 8.Qb3 Bxc3+
9.Qxc3 O-O 10.O-O a5 11.Bg5 h6 12.Bxf6 Qxf6 13.Qe3 Bxf3 14.Qxf3 Qxf3 15.Bxf3 Nc6
16.Rfd1 Rab8 17.Rac1 Rfd8 18.e3 Na7 19.c5 c6 20.b3 Kf8 21.e4 f6 22.d5 e5
23.Be2 d6 24.dxc6 Nxc6 25.Rxd6 Rxd6 26.cxd6 Nd4 27.Bh5 Rd8 28.Rc7 Rxd6 29.Bg6 Ne6
30.Rf7+ Kg8 31.Re7 Nf8 32.Bf7+ Kh7 33.Re8 Nd7 34.Be6 Nc5 35.Bf5+ g6 36.Re7+ Kg8
37.Bxg6 Rd2 38.Rc7 Rxa2 39.Bf7+ Kh8 40.Bd5 Nd3 41.Rf7 Nxf2 42.Rxf6 Nh3+ 43.Kf1 Kg7
44.Rxb6 Rf2+ 45.Ke1 Rxh2 46.Be6 Ng5 47.Bf5 Nf3+ 48.Kd1 Nd4 49.Rg6+ Kf7 50.Ra6 Nxf5
51.exf5 h5 52.Rh6 Rg2 53.Ra6 Rb2 54.Re6 Rxb3 55.Rxe5 a4 56.Ra5 a3 57.Ke2 Rxg3
58.Kf2 Rb3 59.Ra6 h4 60.Kg2 h3+ 61.Kh2 Ke7 62.Re6+ Kf7 63.Ra6 Rf3  1/2-1/2

[Event "6th Amplico AIG Life"]
[Site "Warsaw POL"]
[Date "2006.12.16"]
[Round "8"]
[White "Beinoras,M"]
[Black "Krysztofiak,M"]
[Result "1/2-1/2"]
[WhiteElo "2222"]
[BlackElo "2397"]

1.d4 Nf6 2.c4 e6 3.Nf3 b6 4.g3 Ba6 5.Qa4 Bb7 6.Bg2 c5 7.dxc5 bxc5 8.O-O Be7
9.Nc3 O-O 10.Rd1 Qb6 11.Bf4 Nc6 12.Rd2 Nd4 13.Be5 Bc6 14.Qd1 Nxf3+ 15.Bxf3 Bxf3
16.exf3 Rfd8 17.Nb5 Rac8 18.Bd6 Bxd6 19.Nxd6 Rc6 20.b3 Kf8 21.Ne4 d6 22.Nxf6 gxf6
23.Qc2 Kg7 24.Rad1 Qc7 25.Qe4 f5 26.Qh4 h6 27.g4 fxg4 28.fxg4 f6 29.Re1 d5
30.cxd5 Rxd5 31.Rxd5 exd5 32.Qh5 Qd7 33.Rd1 d4 34.Qh3 Re6 35.Qf3 Re5 36.h3 Qd5
37.Qxd5  1/2-1/2

[Event "6th Amplico AIG Life S/F"]
[Site "Warsaw POL"]
[Date "2006.12.17"]
[Round "2"]
[White "Malakhatko,V"]
[Black "Olszewski,Mi"]
[Result "1-0"]
[WhiteElo "2617"]
[BlackElo "2431"]

1.d4 Nf6 2.c4 e6 3.Nf3 b6 4.g3 Ba6 5.b3 b5 6.cxb5 Bxb5 7.Nc3 Bb4 8.Bd2 Bc6
9.Bg2 a5 10.a3 Bxc3 11.Bxc3 Qc8 12.O-O Qb7 13.Rb1 Be4 14.Rb2 d6 15.Re1 O-O
16.Bf1 Nd5 17.Bd2 Bxf3 18.exf3 Nd7 19.f4 a4 20.b4 N7b6 21.Qc2 c6 22.f5 exf5
23.Qxf5 Rfe8 24.Rbb1 Nf6 25.b5 Rxe1 26.Rxe1 d5 27.Bb4 cxb5 28.Re7 Qc6 29.Qf4 Rc8
30.g4 h6 31.h4 Qc1 32.Bd2 Qb1 33.g5 Qg6 34.Bh3 Nh5 35.Qf3 Ra8 36.Bg4 Nc4
37.Bb4 Nf6 38.Bf5 Qh5 39.Qg3 hxg5 40.hxg5 Nh7 41.g6 Qxf5 42.gxf7+ Kh8 43.Re8+ Nf8
44.Qh4+ Qh7 45.Qxh7+  1-0

[Event "6th Amplico AIG Life 3rd-4th"]
[Site "Warsaw POL"]
[Date "2006.12.17"]
[Round "2"]
[White "Gajewski,G"]
[Black "Olszewski,Mi"]
[Result "1/2-1/2"]
[WhiteElo "2515"]
[BlackElo "2431"]

1.d4 Nf6 2.Nf3 e6 3.c4 b6 4.g3 Ba6 5.b3 b5 6.cxb5 Bxb5 7.Bg2 Bc6 8.O-O a5
9.Nc3 Bb4 10.Qc2 Qc8 11.Bg5 Qd8 12.Rad1 h6 13.d5 Bb7 14.Bxf6 Qxf6 15.Ne4 Qd8
16.dxe6 fxe6 17.Nc5 Bxc5 18.Qxc5 d5 19.Nd4 Qe7 20.Rc1 c6 21.Qxe7+ Kxe7 22.e4 e5
23.Nf5+ Kf6 24.f4 Ba6 25.fxe5+ Kxe5 26.Rfe1 Bd3 27.Rcd1 Bxe4 28.Bxe4 dxe4
29.Nd6 Ra7 30.Rxe4+ Kf6 31.Nc4 Kg6 32.a4 c5 33.Re6+ Kh7 34.Rb6 Nd7 35.Rb5 Rha8
36.Rd2 Kg8 37.Nb6 Nxb6 38.Rxb6 Rc8 39.Rc2 c4 40.Rxc4 Rxc4 41.bxc4 Rc7 42.Rb5 Rxc4  1/2-1/2

[Event "6th Amplico AIG Life"]
[Site "Warsaw POL"]
[Date "2006.12.17"]
[Round "11"]
[White "Czerwonski,A"]
[Black "Godlauskas,K"]
[Result "1-0"]
[WhiteElo "2382"]
[BlackElo "2269"]

1.d4 Nf6 2.c4 e6 3.Nf3 b6 4.g3 Ba6 5.Nbd2 Bb4 6.Qb3 c5 7.Bg2 Nc6 8.a3 Bxd2+
9.Bxd2 cxd4 10.Qa4 Qc8 11.O-O O-O 12.Rfd1 Bb7 13.Bb4 Rd8 14.Nxd4 Nxd4 15.Rxd4 Bxg2
16.Kxg2 Qb7+ 17.f3 d5 18.Rad1 e5 19.R4d3 d4 20.e4 Rdc8 21.Qb5 Qc7 22.Rc1 a6
23.Qa4 b5 24.Qc2 bxc4 25.Rdd1 a5 26.Bd2 h6 27.Re1 Nd7 28.f4 exf4 29.Bxf4 Qc6
30.Red1 d3 31.Rxd3 Qxe4+ 32.Rf3 Qb7 33.h4 Nf8 34.Qf2 Ne6 35.Kh2 a4 36.Be5 Qd5
37.Bc3 Rc7 38.Rf5 Qd7 39.Rf1 Rac8 40.Qg2 Qd3 41.R1f3 Qe4 42.Re5 Qg6 43.Qe2 Rc5
44.Re4 Rf5 45.Rxf5 Qxf5 46.Rxc4 Rxc4 47.Qxc4 Qf2+ 48.Kh3 Qc2 49.Qf1 Qe4 50.Qg2 Qf5+
51.Kh2 h5 52.Qe2 Nc5 53.Kg2 f6 54.Qf3 Qc2+ 55.Qf2 Qe4+ 56.Qf3 Qc2+ 57.Kh3 Ne4
58.Bd4 g6 59.Qe3 g5 60.g4 gxh4 61.gxh5 Ng5+ 62.Kxh4 Qh2+ 63.Kg4 Kf7 64.Bxf6 Qg2+
65.Kf5 Qd5+ 66.Qe5 Qd8  1-0

[Event "6th Amplico AIG Life"]
[Site "Warsaw POL"]
[Date "2006.12.17"]
[Round "12"]
[White "Lubczynski,R"]
[Black "Hunt,H"]
[Result "0-1"]
[WhiteElo "2343"]
[BlackElo "2439"]

1.d4 Nf6 2.c4 e6 3.Nf3 b6 4.g3 Ba6 5.b3 b5 6.cxb5 Bxb5 7.Nc3 Bb4 8.Bd2 Bxc3
9.Bxc3 a5 10.Bg2 Bc6 11.O-O O-O 12.Nd2 Bxg2 13.Kxg2 d6 14.e4 Nbd7 15.Qe2 Qb8
16.Rac1 a4 17.b4 a3 18.f3 h6 19.Rc2 Rc8 20.Nb3 Ne8 21.Rfc1 Qb6 22.Be1 Rcb8
23.Na5 Kf8 24.Qe3 e5 25.Nc6 exd4 26.Qb3 Rc8 27.Bf2 Qb5 28.Bxd4 Qh5 29.Re1 Qg6
30.Rce2 Qe6 31.Qc2 Nb8 32.e5 Nxc6 33.Qxc6 d5 34.Rc1 Kg8 35.Rc5 Rd8 36.b5 Ra4
37.Rd2 h5 38.Qxe6 fxe6 39.Rc6 Kf7 40.Ra6 Ra8 41.Rxa8 Rxa8 42.Rd3 Ra4 43.Kf2 Rb4
44.Ke3 g5 45.Rxa3 Rxb5 46.Rc3 Ra5 47.a3 Ke7 48.Bc5+ Kd7 49.Bb4 Ra4 50.Kd4 c6
51.Kc5 Nc7 52.Kb6 d4 53.Rxc6 Ra6+  0-1

[Event "6th Amplico AIG Life"]
[Site "Warsaw POL"]
[Date "2006.12.17"]
[Round "13"]
[White "Gyimesi,Z"]
[Black "Staniszewski,Pi"]
[Result "1-0"]
[WhiteElo "2616"]
[BlackElo "2419"]

1.d4 Nf6 2.c4 e6 3.Nf3 b6 4.g3 Ba6 5.Qa4 Bb7 6.Bg2 Be7 7.O-O O-O 8.Nc3 Ne4
9.Nxe4 Bxe4 10.Rd1 Qc8 11.Bg5 Re8 12.Bxe7 Rxe7 13.Ng5 Bxg2 14.Qc2 g6 15.Kxg2 Qb7+
16.d5 d6 17.Qe4 h6 18.Nxf7 Rxf7 19.Qxg6+ Rg7 20.Qxe6+ Kh7 21.Rd4 c5 22.Qf5+ Kg8
23.Rh4 Qd7 24.Qf6 Na6 25.Qxh6 Nc7 26.Rd1 Rh7 27.Qg6+ Rg7 28.Qh5 Rh7 29.Rg4+ Kh8
30.Qg6 Rf8 31.Rd3 Rg7 32.Qh6+ Kg8 33.Rxg7+ Qxg7 34.Qxd6 Rf7 35.b3 Kh7 36.Qc6 Na6
37.d6 Qg6 38.Rf3 Nb8 39.Qd5 Rxf3 40.exf3 Nd7 41.h4 Qf6 42.Qh5+ Kg8 43.Qe8+ Nf8
44.d7  1-0

[Event "44th National A ch-IND"]
[Site "Atul IND"]
[Date "2006.12.18"]
[Round "1"]
[White "Roktim,B"]
[Black "Bakre,T"]
[Result "1-0"]
[WhiteElo "2332"]
[BlackElo "2447"]

1.d4 Nf6 2.c4 e6 3.Nf3 b6 4.g3 Ba6 5.Qc2 Bb7 6.Bg2 c5 7.d5 exd5 8.cxd5 Bxd5
9.Nc3 Bc6 10.e4 d6 11.Bf4 Nh5 12.O-O-O Nxf4 13.gxf4 Be7 14.e5 O-O 15.h4 f6
16.Nd5 fxe5 17.Ng5 Bxg5 18.hxg5 g6 19.Qb3 Kg7 20.Rxh7+ Kxh7 21.Qh3+ Kg8 22.Rh1 Qd7
23.Nf6+  1-0

[Event "44th National A ch-IND"]
[Site "Atul IND"]
[Date "2006.12.20"]
[Round "4"]
[White "Kunte,A"]
[Black "Poobesh Anand,S"]
[Result "1-0"]
[WhiteElo "2524"]
[BlackElo "2416"]

1.d4 Nf6 2.c4 e6 3.Nf3 b6 4.g3 Ba6 5.Qc2 Bb7 6.Bg2 c5 7.d5 exd5 8.cxd5 Nxd5
9.O-O Be7 10.a3 Nc6 11.Rd1 Nf6 12.e4 O-O 13.e5 Ne8 14.Nc3 Nc7 15.Be3 Ne6
16.Rd2 Ncd4 17.Nxd4 cxd4 18.Bxd4 Bxg2 19.Kxg2 Rc8 20.Be3 Qc7 21.Qe4 Kh8 22.Nb5 Nc5
23.Nxc7 Nxe4 24.Rxd7 Bc5 25.Kf3 Bxe3 26.Kxe4 Bxf2 27.Rf1 f5+ 28.Kd5 Bc5 29.b4 Be7
30.e6 Bg5 31.e7 Bxe7 32.Rxe7 Rcd8+ 33.Kc4 g6 34.Ne6 Rfe8 35.Rxe8+ Rxe8 36.Kd5 Rc8
37.Ke5  1-0

[Event "15th Donau Open"]
[Site "Aschach an der Donau AUT"]
[Date "2006.12.26"]
[Round "1"]
[White "Goetz,An1"]
[Black "Czakon,J"]
[Result "0-1"]
[WhiteElo "2161"]
[BlackElo "2486"]

1.Nf3 Nf6 2.d4 e6 3.c4 b6 4.g3 Ba6 5.Nbd2 Bb4 6.a3 Bxd2+ 7.Nxd2 Nc6 8.e3 O-O
9.b4 Bb7 10.Bg2 d5 11.Bb2 Rb8 12.Rc1 dxc4 13.Nxc4 b5 14.Nd2 Nxb4 15.Nf3 Nbd5
16.O-O Nd7 17.Nd2 N7b6 18.Qb3 Ba8 19.Bc3 Nxc3 20.Rxc3 Bxg2 21.Kxg2 e5 22.Rfc1 exd4
23.exd4 a6 24.Rc5 Qxd4 25.Nf3 Qe4 26.Rxc7 Rbc8 27.Rxc8 Rxc8 28.Rxc8+ Nxc8
29.Qc3 Qe6 30.Qc7 h6 31.Ne5 Nb6 32.Qb8+ Kh7 33.Nxf7 Nc4 34.Qf4 Kg8  0-1

[Event "Masters"]
[Site "Singapore SIN"]
[Date "2006.12.27"]
[Round "3"]
[White "Li Shilong"]
[Black "Gomez,Joh"]
[Result "0-1"]
[WhiteElo "2524"]
[BlackElo "2387"]

1.d4 Nf6 2.Nf3 e6 3.c4 b6 4.g3 Ba6 5.b3 Bb4+ 6.Bd2 Be7 7.Bg2 O-O 8.Nc3 d5
9.cxd5 exd5 10.O-O Bb7 11.Qc2 Na6 12.Rfd1 Qc8 13.a3 c5 14.Bg5 Rd8 15.e3 Qe6
16.Qb2 h6 17.Bxf6 Bxf6 18.b4 c4 19.b5 Nc7 20.a4 a5 21.bxa6 Bxa6 22.Ne1 Rab8
23.Nc2 Be7 24.Rdb1 Bf8 25.Na3 g6 26.Nab5 Bxb5 27.axb5 Ra8 28.Rxa8 Rxa8 29.Ra1 Rxa1+
30.Qxa1 Qf5 31.h3 Bb4 32.Nxd5 Nxd5 33.Qa8+ Kg7 34.Qxd5 c3 35.Qc6 Qb1+ 36.Kh2 c2
37.Be4 c1=Q 38.Bxb1 Qxb1 39.Kg2 Qf5 40.g4 Qe6 41.Qb7 Ba5 42.Kg3 Qc4 43.Qd7 Qf1
44.Qd5 Be1 45.Qg2 Qxb5 46.Kh2 Qe2  0-1

[Event "15th Donau Open"]
[Site "Aschach an der Donau AUT"]
[Date "2006.12.28"]
[Round "4"]
[White "Dovzik,J"]
[Black "Sakelsek,T"]
[Result "1/2-1/2"]
[WhiteElo "2422"]
[BlackElo "2418"]

1.d4 Nf6 2.Nf3 e6 3.c4 b6 4.g3 Ba6 5.Nbd2 Bb4 6.Qc2 Bb7 7.Bg2 Be4 8.Qd1 O-O
9.O-O Bxd2 10.Qxd2 d6 11.b3 Qe7 12.Bb2 Nbd7 13.Rfd1 Rfd8 14.Qc3 c5 15.Bf1 Bb7
16.Nd2  1/2-1/2

[Event "Masters"]
[Site "Singapore SIN"]
[Date "2006.12.29"]
[Round "7"]
[White "Megaranto,S"]
[Black "Li Ruofan"]
[Result "1-0"]
[WhiteElo "2492"]
[BlackElo "2391"]

1.d4 Nf6 2.Nf3 e6 3.c4 b6 4.g3 Ba6 5.b3 Bb7 6.Bg2 Bb4+ 7.Bd2 a5 8.O-O O-O
9.Qc2 d6 10.Nc3 Nbd7 11.a3 Bxc3 12.Bxc3 Qb8 13.Rfd1 b5 14.d5 a4 15.cxb5 axb3
16.Qxb3 Nc5 17.Qc2 Nfe4 18.dxe6 fxe6 19.Bd4 h6 20.Ne5 Bd5 21.Bxc5 Nxc5 22.Rxd5 Qa7
23.Rxc5  1-0

[Event "27th Open A"]
[Site "Bethune FRA"]
[Date "2006.12.30"]
[Round "9"]
[White "Vanderhallen,N"]
[Black "Kjartansson,G"]
[Result "1-0"]
[WhiteElo "2175"]
[BlackElo "2246"]

1.d4 Nf6 2.c4 e6 3.Nf3 b6 4.g3 Ba6 5.Nbd2 c5 6.Bg2 Bb7 7.e4 cxd4 8.e5 Ne4
9.Nxe4 Bxe4 10.Qxd4 Bb7 11.O-O Nc6 12.Qg4 Qc7 13.Re1 h6 14.Bd2 g6 15.Bc3 Bg7
16.Rad1 O-O 17.Qf4 Rad8 18.Rd6 Ne7 19.Red1 Nf5 20.R6d2 Bc6 21.Bb4 Bxf3 22.Qxf3 Rfe8
23.Bc3 Bxe5 24.Bxe5 Qxe5 25.Rxd7 Rxd7 26.Rxd7 Qxb2 27.g4 Ne7 28.Rxa7 Qd4
29.Qe4 Qd1+ 30.Bf1 g5 31.Qe2 Qc1 32.Qf3 Qa1 33.Kg2 Qd4 34.Bd3 Qc5 35.Qf6 Qc6+
36.Kg1 e5 37.Bh7+ Kxh7 38.Qxf7+ Kh8 39.Rxe7 Rxe7 40.Qxe7 Qe4 41.Qf8+ Kh7
42.Qf5+ Qxf5 43.gxf5 Kg7 44.a4 Kf6 45.c5 bxc5 46.a5 c4 47.Kf1  1-0

[Event "Hilton Open"]
[Site "Basel SUI"]
[Date "2007.01.05"]
[Round "5"]
[White "Melkumjanz,N"]
[Black "Pikula,D"]
[Result "0-1"]
[WhiteElo "2298"]
[BlackElo "2513"]

1.d4 Nf6 2.Nf3 e6 3.c4 b6 4.g3 Ba6 5.Qa4 Bb7 6.Bg2 c5 7.O-O Be7 8.dxc5 bxc5
9.Nc3 O-O 10.Rd1 Qb6 11.Qb5 Qc7 12.Qb3 a6 13.Bf4 d6 14.Na4 Nbd7 15.Qc2 h6
16.h3 Rfe8 17.g4 Nf8 18.Nc3 Rab8 19.e4 g5 20.Bg3 Ng6 21.Nd2 h5 22.f3 Kg7
23.Nf1 Rh8 24.Rd2 Nd7 25.b3 Nde5 26.Rad1 Nf4 27.Kf2 Bf6 28.Ne2 hxg4 29.hxg4 Neg6
30.Ne3 Be5 31.Nf1 Qe7 32.Rb1 Qf6 33.b4 Nxg2 34.Kxg2 Bxg3 35.Kxg3 Rh3+  0-1

[Event "Petrovskaya Ladya Open"]
[Site "Peterhof RUS"]
[Date "2007.01.07"]
[Round "5"]
[White "Valov,I"]
[Black "Semenenko,S"]
[Result "1-0"]
[WhiteElo "2302"]
[BlackElo "2196"]

1.d4 Nf6 2.c4 e6 3.Nf3 b6 4.g3 Ba6 5.Qa4 Be7 6.Bg2 O-O 7.Nc3 Bb7 8.O-O Ne4
9.Qc2 Nxc3 10.Qxc3 c5 11.Rd1 cxd4 12.Qxd4 d6 13.Qd3 Qc7 14.Ng5 Bxg5 15.Bxb7 Qxb7
16.Bxg5 f6 17.Bf4 e5 18.Bd2 Rd8 19.Bb4 Na6 20.Bxd6 Rac8 21.Qf5 Rxc4 22.Bxe5 Rcc8
23.Qe6+ Qf7 24.Qxf7+ Kxf7 25.Bc3 Nc5 26.Rac1 Ke6 27.Rxd8 Rxd8 28.Kf1 Na4
29.Ke1 Rd7 30.b3 Nxc3 31.Rxc3 Kf5 32.f3 Ke6 33.e3 f5 34.Ke2 Kf6 35.Rc4 g6
36.Rc6+ Ke7 37.h3 Kd8 38.g4 Rd5 39.Rc4 Re5 40.f4 Re6 41.Rd4+ Ke8 42.Rd5 Rf6
43.Kf3 Ke7 44.Kg3 Re6 45.Kf3 Rf6 46.Re5+ Kd7 47.Kg3 fxg4 48.hxg4 Rd6 49.f5 gxf5
50.gxf5 Rd1 51.e4 Rg1+ 52.Kh4 Rg2 53.a4 Rg1 54.Kh5 Rh1+ 55.Kg5 h5 56.f6 h4
57.f7 Rf1 58.Rf5 Rxf5+ 59.Kxf5 Ke7 60.Kg6  1-0

[Event "Open A"]
[Site "Prague CZE"]
[Date "2007.01.11"]
[Round "1"]
[White "Sochorova,J"]
[Black "Fraas,M"]
[Result "1-0"]
[WhiteElo "1853"]
[BlackElo "2181"]

1.Nf3 Nf6 2.d4 e6 3.c4 b6 4.g3 Ba6 5.Qc2 Bb4+ 6.Bd2 Be7 7.Bg2 c6 8.O-O O-O
9.Re1 d5 10.cxd5 exd5 11.Nc3 Bb7 12.e4 dxe4 13.Nxe4 Na6 14.Bc3 Nc7 15.Nfg5 Nxe4
16.Nxe4 Nd5 17.Rad1 Rc8 18.Qd3 Rc7 19.Nd2 Bf6 20.Ne4 Be7 21.Nd2 Bc8 22.Nf1 Bg4
23.Bf3 Be6 24.Ne3 Nb4 25.Bxb4 Bxb4 26.Re2 Qf6 27.Ng4 Bxg4 28.Bxg4 Rd8 29.Qc4 Bd6
30.Red2 g6 31.d5 Bc5 32.Qe2 cxd5 33.Rxd5 Rxd5 34.Rxd5 Re7 35.Qd2 h5 36.Bd1 Kg7
37.Kg2 h4 38.h3 hxg3 39.fxg3 Be3 40.Qc2 Rc7 41.Qe2 Bd4 42.b3 Rc3 43.Bc2 Re3
44.Qd1 Qe6 45.Qxd4+ Kh7 46.Rh5+  1-0

[Event "Keres Mem B"]
[Site "Tallinn EST"]
[Date "2007.01.12"]
[Round "9"]
[White "Kanep,M"]
[Black "Jegorovas,A"]
[Result "1-0"]
[WhiteElo "2504"]
[BlackElo "2262"]

1.d4 e6 2.Nf3 Nf6 3.g3 b6 4.c4 Ba6 5.Qc2 Nc6 6.Bg2 d5 7.cxd5 Qxd5 8.O-O O-O-O
9.Be3 Bb7 10.Nc3 Qh5 11.h3 Kb8 12.a3 Bd6 13.g4 Qg6 14.Qxg6 hxg6 15.Ng5 Rhf8
16.Rad1 Ne7 17.Bc1 Ned5 18.e4 Nxc3 19.bxc3 Be7 20.Rfe1 Nd7 21.f4 c5 22.f5 exf5
23.exf5 Bxg5 24.Bxg5 Nf6 25.Bxb7 Kxb7 26.Re7+ Ka6 27.fxg6 fxg6 28.Rxg7 Rd5
29.Bxf6 Rxf6 30.Rf1 Re6 31.a4 b5 32.axb5+ Kxb5 33.Rxa7 cxd4 34.Rb7+ Kc4 35.cxd4 Kxd4
36.Rd1+ Ke5 37.Rxd5+ Kxd5 38.Kg2 Ke5 39.Rf7 Re8 40.Kg3 Rh8 41.Rf1 Ke6 42.g5 Ke7
43.Rf6 Rg8 44.Kg4 Rg7 45.h4 Rg8 46.h5 gxh5+ 47.Kxh5 Ra8 48.Rf4 Ke6 49.Kh6 Rh8+
50.Kg7 Ra8 51.g6 Ra7+ 52.Kh6 Ra1 53.g7 Rh1+ 54.Kg6 Rg1+ 55.Kh7 Rh1+ 56.Kg8 Ra1
57.Rf2 Ra3 58.Rh2  1-0

[Event "TCh-FIN 2006-7"]
[Site "Joensuu FIN"]
[Date "2007.01.13"]
[Round "6"]
[White "Veingold,A"]
[Black "Ivanov,Sergei"]
[Result "1-0"]
[WhiteElo "2459"]
[BlackElo "2356"]

1.d4 Nf6 2.c4 e6 3.Nf3 b6 4.g3 Ba6 5.Qc2 Bb7 6.Bg2 Bb4+ 7.Bd2 Be7 8.Nc3 c5
9.d5 exd5 10.Nh4 g6 11.cxd5 d6 12.O-O Nbd7 13.h3 O-O 14.Bh6 Re8 15.Rad1 a6
16.a4 Rb8 17.Nf3 b5 18.e4 Bc8 19.axb5 axb5 20.b3 Qc7 21.Rfe1 Ba6 22.Bf1 Rec8
23.Ra1 Qb6 24.Ra2 Ne8 25.Bf4 Bf6 26.e5 dxe5 27.Nxe5 Nxe5 28.Bxe5 Bxe5 29.Rxe5 Nd6
30.Ne4 Nxe4 31.Qxe4 Qd6 32.h4 c4 33.bxc4 bxc4 34.h5 Bb5 35.h6 Qf8 36.Qe3 c3
37.Rc2 Bxf1 38.Kxf1 Re8 39.Rxc3 Rxe5 40.Qxe5 Re8 41.Qf4 Rd8 42.Rd3 Rd6 43.Kg2 f6
44.Qe3 g5 45.Rb3 Rd8 46.Qe6+ Qf7 47.Rb7 Qxe6 48.dxe6 Re8 49.Rg7+ Kf8 50.Rf7+  1-0

[Event "TCh-AUT 2006-7"]
[Site "Leoben AUT"]
[Date "2007.01.19"]
[Round "5"]
[White "Ferrari,J"]
[Black "Knoll,H"]
[Result "0-1"]
[WhiteElo "2150"]
[BlackElo "2409"]

1.d4 Nf6 2.c4 e6 3.Nf3 b6 4.g3 Ba6 5.b3 d5 6.Bg2 dxc4 7.Ne5 Bb4+ 8.Kf1 Nfd7
9.Nxc4 c6 10.Bf4 O-O 11.Bf3 Nf6 12.Kg2 Nd5 13.Bd2 Be7 14.Nc3 Nd7 15.e4 Nxc3
16.Bxc3 c5 17.d5 exd5 18.exd5 Bf6 19.Qd2 b5 20.Ne3 Ne5 21.Be2 Qb6 22.Rac1 g6
23.Rhe1 h5 24.h3 Rfe8 25.f4 Nd7 26.Bf3 Qd6 27.h4 Bb7 28.f5 Ne5 29.fxg6 fxg6
30.Be4 Bg7 31.Qc2 Bh6 32.Rcd1 Re7 33.Kh2 Rae8 34.Bxe5 Rxe5 35.Bxg6 Rxe3 36.Bxe8 Qxg3+
37.Kh1 Bxd5+  0-1

[Event "GM"]
[Site "Marianske Lazne CZE"]
[Date "2007.01.20"]
[Round "2"]
[White "Pedersen,NicV"]
[Black "Hermansson,E"]
[Result "1/2-1/2"]
[WhiteElo "2466"]
[BlackElo "2466"]

1.Nf3 Nf6 2.c4 b6 3.d4 e6 4.g3 Ba6 5.b3 Bb4+ 6.Bd2 Be7 7.Bg2 c6 8.Bc3 d5
9.Ne5 Nfd7 10.Nxd7 Nxd7 11.Nd2 O-O 12.O-O Rc8 13.e4 c5 14.exd5 exd5 15.dxc5 dxc4
16.c6 cxb3 17.Re1 b2 18.Bxb2 Nc5 19.Nb3 Nd3 20.Re2 Bb4 21.Bd4 Bc5 22.Bc3 Nf4
23.Rd2 Ne2+ 24.Kh1 Nxc3 25.Rxd8  1/2-1/2

[Event "TCh-AUT 2006-7"]
[Site "Leoben AUT"]
[Date "2007.01.21"]
[Round "7"]
[White "Bunzmann,D"]
[Black "Baklan,V"]
[Result "1/2-1/2"]
[WhiteElo "2530"]
[BlackElo "2618"]

1.d4 Nf6 2.c4 e6 3.Nf3 b6 4.g3 Ba6 5.Qb3 Nc6 6.Bd2 Bb7 7.d5 Ne7 8.dxe6 fxe6
9.Bg2 Nf5 10.O-O Bc5 11.Bb4 Qe7 12.Bxc5  1/2-1/2

[Event "GM"]
[Site "Geneve SUI"]
[Date "2007.01.22"]
[Round "3"]
[White "Landenbergue,C"]
[Black "Huss,A"]
[Result "1/2-1/2"]
[WhiteElo "2450"]
[BlackElo "2342"]

1.d4 e6 2.Nf3 Nf6 3.c4 b6 4.g3 Ba6 5.b3 Bb4+ 6.Bd2 Be7 7.Nc3 c6 8.e4 d5 9.Qc2 dxe4
10.Nxe4 Bb7 11.O-O-O c5 12.Nxf6+ Bxf6 13.d5 O-O 14.Bc3 exd5 15.cxd5 Nd7 16.Nh4 g6
17.Bc4 a6 18.Rhe1 b5 19.Bf1 Bxc3 20.Qxc3 Qf6 21.Qxf6 Nxf6 22.d6 Rfe8 23.a4 Rxe1
24.Rxe1 Bc6 25.Bg2 Bxg2 26.Nxg2 Rd8 27.axb5 axb5 28.Re5 Nd7 29.Rd5 f6 30.Nf4 Kf7
31.h4 h6 32.b4 g5 33.hxg5 hxg5 34.Ng2 Ke6 35.Ne3 cxb4 36.Rxb5 Ne5 37.Kc2 Rxd6
38.f4 gxf4 39.gxf4 Nc6 40.f5+ Kd7 41.Rb7+ Kc8 42.Rf7 Ne5 43.Rf8+ Kb7 44.Kb3 Nc6
45.Nc4 Rd3+ 46.Kb2 Rd4 47.Kb3 Rd3+ 48.Kb2 Ne5 49.Nxe5 fxe5 50.Re8  1/2-1/2

[Event "GM"]
[Site "Marianske Lazne CZE"]
[Date "2007.01.22"]
[Round "4"]
[White "Pedersen,NicV"]
[Black "Klima,L"]
[Result "1/2-1/2"]
[WhiteElo "2466"]
[BlackElo "2407"]

1.d4 Nf6 2.c4 e6 3.Nf3 b6 4.g3 Ba6 5.b3 b5 6.cxb5 Bxb5 7.Nc3 Bb4 8.Bd2 Ba6
9.Bg2 d5 10.a3 Bd6 11.O-O Nbd7 12.b4 O-O 13.Re1 e5 14.dxe5 Nxe5 15.Bg5 c6
16.e4 Nd3 17.Re3 Nxf2 18.Kxf2 Ng4+ 19.Kg1 Qb6 20.Qd2 h6 21.Na4 Qb5 22.Nc3 Qb6
23.Na4 Qb5  1/2-1/2

[Event "Stone Flower A"]
[Site "Nizhnij Tagil RUS"]
[Date "2007.01.22"]
[Round "9"]
[White "Iskusnyh,S"]
[Black "Zhumabayev,R"]
[Result "1-0"]
[WhiteElo "2482"]
[BlackElo "2421"]

1.d4 Nf6 2.c4 e6 3.Nf3 b6 4.g3 Ba6 5.Qc2 Nc6 6.Nbd2 Bb7 7.e4 Nb4 8.Qb1 d5
9.cxd5 exd5 10.e5 Nd7 11.a3 Na6 12.Bd3 g6 13.O-O Bg7 14.h4 c5 15.b4 c4 16.Bc2 Nc7
17.Ng5 h6 18.Nh3 Ne6 19.Nf3 Qc7 20.Bxg6 Nxe5 21.dxe5 fxg6 22.Nf4 Nxf4 23.Bxf4 Qf7
24.Nd4 g5 25.e6 Qh5 26.Nf5 Bf6 27.Nd6+ Ke7 28.Qf5 Qf3 29.Qg6 Raf8 30.Nf5+ Kd8
31.e7+ Bxe7 32.Nxe7 Rxf4 33.Qd6+ Ke8 34.Rae1 Re4 35.Nxd5 Rh7 36.Rxe4+  1-0

[Event "ch-SER Qualification"]
[Site "Belgrade SER"]
[Date "2007.01.26"]
[Round "4"]
[White "Rakic,Ma"]
[Black "Irizanin,R"]
[Result "1/2-1/2"]
[WhiteElo "2241"]
[BlackElo "2319"]

1.d4 Nf6 2.c4 e6 3.Nf3 b6 4.g3 Ba6 5.Nbd2 Bb4 6.Qc2 Bb7 7.Bg2 Be4 8.Qd1 O-O
9.O-O Bxd2 10.Qxd2 d6 11.b3 Nbd7 12.Bb2 a5 13.a3 Qe7 14.Qe3 h6 15.Bh3 Rfe8
16.Nd2 Bb7 17.f3 Nh7 18.Qd3 c5 19.e4 cxd4 20.Bxd4 Nc5 21.Qc3 e5 22.Bxc5 dxc5
23.Rfd1 g6 24.Nf1 Rad8 25.Ne3 Ng5 26.Bg2 f6 27.Nd5 Bxd5 28.exd5 Nf7 29.Re1 Nd6
30.Bh3 Kh7 31.Re2 b5 32.Qxa5 bxc4 33.Qxc5 cxb3 34.Be6 Rb8 35.Rb2 Rb5 36.Qc6 Reb8
37.Rc1 R5b7 38.a4 Ne8 39.Qc5 Qd8 40.Kg2 Kg7 41.Rc3 Rc7 42.Qe3 Rxc3 43.Qxc3 Qb6
44.a5 Qd4  1/2-1/2

[Event "GM"]
[Site "Geneve SUI"]
[Date "2007.01.26"]
[Round "7"]
[White "Vuilleumier,A"]
[Black "Huss,A"]
[Result "1/2-1/2"]
[WhiteElo "2368"]
[BlackElo "2342"]

1.d4 e6 2.c4 Nf6 3.Nf3 b6 4.g3 Ba6 5.Qc2 c6 6.Bg2 d5 7.Nbd2 Be7 8.O-O O-O
9.Ne5 Bb7 10.Rd1 Nbd7 11.e4 Rc8 12.Nxd7 Nxd7 13.Nf1 dxe4 14.Qxe4 Nf6 15.Qf3 Rc7
16.Qc3 Rd7 17.b3 Bc5 18.Bb2 e5 19.dxc5 Rxd1 20.Rxd1 Qxd1 21.cxb6 axb6 22.Qxe5 Qd8
23.Ne3 Re8 24.Qc3 Qe7 25.h3 c5 26.Bxb7 Qxb7 27.Nd5 h6 28.Nxf6+ gxf6 29.Kh2 Re6
30.Bc1 Kh7 31.Qd2 f5 32.Qf4 Qe4 33.Qc7 Kg8 34.Qd8+ Re8 35.Qd7 Qe6 36.Qd2 Qe2
37.Qf4 Qc2 38.Be3 Re6 39.h4 Qe4 40.Qxe4 fxe4 41.g4 Rf6 42.a3 Re6 43.b4 cxb4
44.axb4 Rc6 45.b5 Rxc4 46.Bxb6 h5 47.gxh5 Rb4 48.Be3 Rxb5 49.Kg3 Rxh5 50.Kg4 Re5
51.Kf4 Rh5 52.Kg4 Re5 53.Kf4 Re6 54.Kf5 Kg7 55.h5 Re8 56.h6+ Kg8 57.Bf4 Re6
58.Be3 Kh7 59.Bf4 Kg8  1/2-1/2